| 000 | 00823nam a2200217 i 4500 | ||
|---|---|---|---|
| 001 | bg | ||
| 111 | 2 |
_aSympozjon Podstaw Konstrukcji Maszyn _n(18 ; _d1997 ; _cKielce). |
|
| 245 | 0 | 0 |
_aXVIII [osiemnasty] Sympozjon Podstaw Konstrukcji Maszyn : _bKielce-Ameliówka, 16-20 września 1997. _nCz.2 / _cPolitechnika Świętokrzyska. |
| 260 |
_aKielce : _bWydaw. PŚ, _c1997. |
||
| 300 |
_a356 s. : _bfot., 1 portr., rys., wykr. ; _c24 cm. |
||
| 490 | 1 |
_aMechanika / Politechnika Świętokrzyska, _x0239-4979 |
|
| 504 | _aBibliogr., streszcz., summ. przy ref. | ||
| 650 | 9 |
_aMaszyny _xbudowa i konstrukcje |
|
| 655 | _aMateriały konferencyjne | ||
| 830 | 0 | _aMechanika (Politechnika Świętokrzyska) | |
| 040 | _cBPK | ||
| 041 | 0 |
_apl _benpl |
|
| 080 | _a621(061.3) | ||
| 942 | _cKS | ||
| 008 | s pl f |000 0 pol | ||
| 999 |
_c31842 _d31842 |
||
| 856 |
_uhttp://koha.tu.koszalin.pl/cgi-bin/koha/opac-detail.pl?biblionumber=31842 _yKatalog online BPK |
||